Sectoral equations of sustainability: Narrative of plantation sector in India (Record no. 68532)

MARC details
000 -LEADER
fixed length control field 00477nam a2200169Ia 4500
100 ## - MAIN ENTRY--AUTHOR NAME
Personal name Jayasekhar S
245 #0 - TITLE STATEMENT
Title Sectoral equations of sustainability: Narrative of plantation sector in India
260 ## - PUBLICATION, DISTRIBUTION, ETC. (IMPRINT)
Name of publisher Journal of Plantation Crops
Year of publication 2018
300 ## - PHYSICAL DESCRIPTION
Number of Pages 210-217
650 ## - SUBJECT ADDED ENTRY--TOPICAL TERM
Topical Term Inclusive growth
650 ## - SUBJECT ADDED ENTRY--TOPICAL TERM
Topical Term Plantation sector
650 ## - SUBJECT ADDED ENTRY--TOPICAL TERM
Topical Term Sustainability
650 ## - SUBJECT ADDED ENTRY--TOPICAL TERM
Topical Term Value chain
700 ## - ADDED ENTRY--PERSONAL NAME
Personal name Hughes S.A
942 ## - ADDED ENTRY ELEMENTS (KOHA)
Koha item type Journals
Holdings
Withdrawn status Lost status Damaged status Not for loan Home library Current library Shelving location Date acquired Serial Enumeration / chronology Koha item type
      Journals RRII Library RRII Library Agronomy 01/01/2021 Volume 46, Issue 3 Journals